00938nam a2200325Ia 450000100060000000300100000600500170001600700030003300800410003602000190007704000350009608400110013110000190014224501080016125000110026926400180028026400120029830000100031030000130032033600270033333700330036033800280039365000310042165000210045265000180047365000310049165000310052265000180055370000410057157332CO-BoRNBP20250619141845.0ta141031s9999 xx 000 0 und d a97789802573219 aCO-BoRNBPbspaerdacCO-BoRNBP aA BED21 aBedford, David10aLos cocodrilos copionesbDavid Bedford ; ilustrado por Emily Bolam ; traducido por Carmen Diana Dearden a2a ed. 1bEkaré, 2008 1aCaracas a26 p. bil. col. atextobtxt2rdacontent asin mediaciónbn2rdamedia avolumenbnc2rdacarrier00aLibros de imágenes2LEMB07aCocodrilos2LEMB07aSoledad2LEMB00aLibros de imágenes2LEMB00aLibros de imágenes2LEMB07aAmistad2LEMB1 aBolam, Emily \ Dearden, Carmen Diana